Statistics for Mark Twain Bibliography

Click here to take the quiz!

General Stats

  • This quiz has been taken 12 times
  • The average score is 6 of 90

Answer Stats

TypeYearName% Correct
Novel1884Adventures of Huckleberry Finn
100%
Novel1876The Adventures of Tom Sawyer
100%
Novel1889A Connecticut Yankee in King Arthur's Court
50%
Novel1894Pudd'nhead Wilson
40%
Travel Book1872Roughing It
40%
Travel Book1883Life on the Mississippi
30%
Short Story1865The Celebrated Jumping Frog of Calaveras County
30%
Collaborative Novel1873The Gilded Age: A Tale of Today
30%
Travel Book1869The Innocents Abroad
30%
Essay1895Fenimore Cooper's Literary Offenses
20%
Unfinished Novel1903Huck Finn
20%
Novel1881The Prince and the Pauper
20%
Travel Book1880A Tramp Abroad
10%
Travel Book1897Following the Equator
10%
Essay Collection1962Letters from the Earth
10%
Novel1892The American Claimant
10%
Unfinished Novel1898The Mysterious Stranger
10%
Squib18801601: Conversation, as it was by the Social Fireside, in the Time of the Tudors
0%
Short Story1904A Dog's Tale
0%
Short Story1902A Double Barrelled Detective Story
0%
Short Story1865Advice to Little Girls
0%
Essay1882Advice to Youth
0%
Short Story1870A Ghost Story
0%
Short Story1907A Horse's Tale
0%
Short Story1876A Literary Nightmare
0%
Short Story1876A Murder, a Mystery, and a Marriage
0%
Essay Collection1972A Pen Warmed Up in Hell
0%
Essay1900A Salutation Speech From the Nineteenth Century to the Twentieth
0%
Short Story Collection1877A True Story and the Recent Carnival of Crime
0%
Short Story1874A True Story, Repeated Word for Word As I Heard It
0%
Autobiography1906Autobiography of Mark Twain
0%
Short Story1909Captain Stormfield's Visit to Heaven
0%
Essay1907Christian Science
0%
Essay1898Concerning the Jews
0%
Essay1901Edmund Burke on Croker and Tammany
0%
Essay Collection1923Europe and Elsewhere
0%
Comic Short Story1906Eve's Diary
0%
Comic Short Story1904Extracts from Adam's Diary
0%
Short Story1868General Washington's Negro Body-Servant
0%
Essay Collection1897How to Tell a Story and Other Essays
0%
Unfinished Novel1884Huck Finn and Tom Sawyer Among the Indians
0%
Play1898Is He Dead?
0%
Non-Fiction Work1909Is Shakespeare Dead?
0%
Pamphlet1905King Leopold's Soliloquy
0%
Collection of Letters1947Letters from Hawaii
0%
Poem1908Little Bessie Would Assist Providence
0%
Short Story1891Luck
0%
Short Story Collection1871Mark Twain's (Burlesque) Autobiography and First Romance
0%
Collection of Letters2010Mark Twain's Letters, 1853-1880
0%
Short Story Collection1888Mark Twain's Library of Humor
0%
Non-Fiction Work1935Mark Twain's Notebook
0%
Essay Collection1870-1871Memoranda
0%
Short Story Collection1892Merry Tales
0%
Non-Fiction Work1920Moments with Mark Twain
0%
Short Story1912My Platonic Sweetheart
0%
Non-Fiction Work1876Old Times on the Mississippi
0%
Essay1880On the Decay of the Art of the Art of Lying
0%
Novel1896Personal Recollections of Joan of Arc, by the Sieur Louis de Conte
0%
Short Story Collection1878Punch, Brothers, Punch! and Other Sketches
0%
Essay1910Queen Victoria's Jubilee
0%
Short Story Collection1875Sketches New and Old
0%
Children's Book1935Slovenly Peter
0%
Short Story1875Some Learned Fables for Good Old Boys and Girls
0%
Speech1879Some Thoughts on the Science of Onanism
0%
Collection of Letters2017Territorial Enterprise Letters
0%
Short Story1893The ₤1,000,000 Note
0%
Short Story Collection1893The ₤1,000,000 Note and Other New Stories
0%
Short Story Collection1906The $30,000 Bequest and Other Stories
0%
Essay1880The Awful German Language
0%
Parody1901The Battle Hymn of the Republic, Updated
0%
Essay Collection1996The Bible According to Mark Twain
0%
Short Story Collection1867The Celebrated Jumping Frog of Calaveras County and Other Sketches
0%
Short Story Collection1919The Curious Republic of Gondour and Other Whimsical Sketches
0%
Short Story1879The Great Revolution in Pitcairn
0%
Short Story1877The Invalid's Story
0%
Short Story1900The Man That Corrupted Hadleyburg
0%
Comic Short Story Double Package1931The Private Life of Adam and Eve: Being Extracts from Their Diaries, Translated from the Original Mss.
0%
Short Story2017The Purloining of Prince Oleomargarine
0%
Short Story1882The Stolen White Elephant
0%
Essay1923The United States of Lyncherdom
0%
Short Story1905The War Prayer
0%
Short Story Collection1938The Washoe Giant in San Francisco
0%
Short Story1892Those Extraordinary Twins
0%
Novel1894Tom Sawyer Abroad
0%
Novel1896Tom Sawyer, Detective
0%
Unfinished Novel?Tom Sawyer's Conspiracy
0%
Unfinished Novel?Tom Sawyer's Gang Plans a Naval Battle
0%
Essay1901To My Missionary Critics
0%
Essay1901To the Person Sitting in Darkness
0%
Essay1906What Is Man?
0%

Score Distribution

Percentile by Number Answered

Percent of People with Each Score

Your Score History

You have not taken this quiz